000 00621nam a22002297a 4500
001 00028918
005 20260428181453.0
008 260428b ag ||||| |||| 00| 0 spa d
020 _a8475835368
040 _aAR-CcCEOS
_bspa
_cAR-CcCEOS
041 _aspa
080 _a935:7
090 _bROA v.2
100 1 _aRoaf, Michael
_91137
245 _aMesopotamia y el antiguo Oriente Medio :
_bVolumen II /
_cMichael Roaf
264 _aBarcelona :
_bFolio,
_c1993.
300 _a238 p. ;
_c24x18 cm.
490 _vAtlas culturales del mundo
650 0 _ahistoria
_990
655 0 _aarte
_9138
942 _2udc
_cBK
_n0
999 _c28970
_d28970